MDQL
is popping MORE tags! Check the
thread
!
Quizzes
Events
Quiz Creation
Community
Videos
Private Events
Remove Ads
Sign In
Join for FREE
Feedback
Dark Mode
Quiz Categories
Sports
Geography
Music
Movies
Television
Just For Fun
Miscellaneous
History
Literature
Language
Science
Gaming
Entertainment
Religion
Holiday
For Kids
Quiz Lab
Recent
Popular Today
Quiz Kudos Today
Editor Picks
Curator Picks
Quizzes by...
Day
Popularity
Type
Ratings
Length
Year
Community
Subscriptions
Recent Discussions
Orange Saloon
Badges
Playlists
Quests
Create
Leaderboards
Showdown
Live 5
Trivia Bingo
Activity
Puzzle Library
Sporcle Events
Private Events
Virtual Trivia
Globe League
Become a Host
Pub Owners
SporcleCon
Opinionation
Our Games
Videos
Blog
Mobile Apps
Partnerships
Remove Ads and Go Orange
Feedback
Music
Pop Music
The Beatles
Song
Album
Lyrics
Bands
Singers
Artist
Clip
Rock
Rap
Classical
Billboard
Country Music
Kpop
Taylor Swift
Music
Pop Music
The Beatles
Song
Album
Lyrics
Bands
Singers
Artist
Clip
Rock
Rap
Classical
Billboard
Country Music
Kpop
Taylor Swift
Random Quiz
Search Sporcle
×
Quiz Lab
Quiz Lab
Music
normal
Type in answers that appear in a list
Type in answers that appear in a list
Classic
Best Score? Go Orange.
Guess the Next to Normal lyrics 7 Stats
Can you name the Guess the Next to Normal lyrics 7?
By
jonTK
15m
199 Questions
1,391 Plays
1,391 Plays
1,391 Plays
Comments
Comments
Give Quiz Kudos
Give Quiz Kudos
-
- Ratings
hide this ad
Replay
Link that replays current quiz
Next Quiz
Link to next quiz in quiz playlist
You Got
0%
They Got
Avg Score
84%
Avg Friend Score
Upgrade to see
Score Distribution
Jump to the score distribution portion of the page
Score
0/199
Timer
15:00
0
Plays Today
% Correct
and
98.8%
a
98.8%
and
98.8%
and
98.8%
the
98.8%
And
98.8%
and
98.8%
and
98.8%
And
98.8%
And
98.8%
a
98.8%
And
98.8%
And
98.8%
the
98.8%
and
98.8%
I am
98.7%
I am
98.6%
I am
98.6%
I am
98.6%
I
98.6%
I am
98.6%
I
98.6%
I
98.6%
I am
98.6%
I am
98.6%
I am
98.6%
I am
98.6%
I
98.6%
I am
98.6%
I
98.6%
you
93.7%
You
93.7%
you
93.6%
you
93.6%
you
93.6%
you
93.6%
you
93.6%
you
93.6%
You
93.6%
you
93.6%
you
93.6%
you
93.6%
you
93.6%
you
93.6%
You
93.6%
you
93.6%
You
93.6%
you
93.6%
You
93.6%
you
93.6%
you
93.6%
me
90.5%
me
90.5%
me
90.5%
me
90.5%
me
90.5%
me,
90.5%
me
90.5%
me
90.5%
me
90.5%
me
90.5%
so
89.8%
so
89.8%
so
89.8%
So
89.8%
so
89.8%
so
89.8%
% Correct
I'm alive
88.7%
I'm alive
88.7%
alive
88.7%
I'm alive
88.7%
alive
88.7%
I'm alive
88.7%
I'm alive
88.7%
I'm alive
88.7%
alive
88.7%
You're alive
88.7%
I'm alive
88.7%
I'm alive
88.7%
alive
88.7%
I'm alive
88.7%
on
88.6%
be
88.1%
be
88.1%
to
87.9%
to
87.9%
to
87.9%
your
87.5%
your
87.5%
your
87.5%
your
87.5%
your
87.5%
I'm
86.7%
I'm
86.7%
I'm
86.7%
I'm
86.7%
I'm
86.7%
I'm
86.7%
what
85.9%
what
85.9%
want
85.3%
it
85.3%
know
84.8%
know
84.8%
in
84.4%
Come
84.3%
Come
84.3%
come
84.3%
fear,
83.7%
fear
83.7%
closer
83.3%
closer
83.3%
worst
82.9%
if
82.9%
if
82.9%
if
82.9%
no
82.8%
find
82.7%
find
82.7%
you'll
81.9%
that
81.7%
show
81.6%
show
81.6%
behind
81.5%
behind
81.5%
can
81.5%
behind
81.5%
I'll
81.2%
I'll
81.2%
I'll
81.2%
I'll
81.2%
I'll
81.2%
who
80.3%
it's
80.2%
% Correct
It's
80.2%
too
79%
too
79%
eyes
78.6%
nightmare
78.4%
not
78.2%
desire
77.4%
need
77.3%
need
77.3%
dream
77%
or
76.9%
fire
76.6%
flesh
76.4%
But
76.3%
but
76.3%
blood
76%
true
76%
can't
75.9%
that's
75.7%
leave
75.6%
When
75.5%
destruction,
75.3%
feed
75.2%
darkest
75.2%
clear
75%
try
74.9%
try
74.9%
will
74.8%
won't
74.7%
won't
74.7%
surprise
74.5%
right
74.5%
decay
74.3%
spirit
74%
mystery
73.9%
might
73.8%
hurt
73.8%
appear
73.5%
flame
73.5%
heal
73.5%
well
73.5%
knows
72.9%
more
72.8%
wish,
72.5%
than
72.5%
simple
72.4%
memory
72%
own
71.2%
why
70.8%
let
69.7%
perfect
69.4%
stranger
69.3%
remind
69%
though
68.2%
hide
68.2%
forget
67.6%
grieve
66%
say
65.2%
made
63.6%
truth
63.1%
tell
63%
'Cause
62.3%
change
61.8%
I've
59.6%
shown
57.9%
Quiz Playlist
Details
Report
Send in Message
Add To Playlist
Classic:
Type in answers that appear in a list
Last Updated: Feb 16, 2017
Quiz Scoreboard
CHALLENGE
Sign Up to Join the Scoreboard
Show All
Scores
Hide
Comments
May contain spoilers
Recently Published
Image Sorting: Flags VI
by Barbecue
Geography
2m
Find the 'City' Movie
by crazypaving
Movies
60s
Colored Red Africa Blitz
by spor1
Geography
45s
More to Explore
Quiz From the Vault
Featured Blog Post
14 Easter Pick-up Lines to Find Eggs With
hide this ad
You Might Also Like...
Tags
Next
normal
Today's Top Quizzes in Music
Browse Music
hide this ad
Today's Top Quizzes in normal
Browse normal
Top Contributed Quizzes in Music
1
5X2 Blitz: Bands II
2
5X2 Blitz: The Beatles
3
Taylor Swift All Songs (2024)
4
5X2 Blitz: Billboard
5
5X2 Blitz: Billboard II
6
5X2 Blitz: Album
7
5X2 Blitz: Rock
8
5X2 Blitz: Singers
9
Taylor Swift Logic Puzzle II
10
5X2 Blitz: Lyrics
Explore More
Trending Topics
NBA
Anime
Marvel
Crossword
Disney
Harry Potter
Kpop
WWE
Puzzle
Song
Soccer
The Office
Pokémon
Country
NFL
hide this ad
More By:
jonTK
Quiz
Plays
Rating
Category
Featured
Created
franchises with at least 5 films
3,783
2.39
Movies
Aug 13, 2010
Sailor Moon sailor scouts
3,356
4.18
Television
Feb 15, 2010
Disney animated films by first song (CLICKABLE!)
3,333
3.92
Movies
May 24, 2012
Guess the Next to Normal lyrics
2,832
4.60
Music
May 9, 2010
Guess the Next to Normal lyrics 3
2,082
5.00
Music
Dec 17, 2010
Go to Creator's Profile
Score Distribution
Quiz Creator Spotlight
jonTK
Follow
Send a Message
Quizzes Created
-
Created Quiz Play Count
-
More By This Creator
Popular Quizzes Today
1
Colored Red Africa Blitz
2
Find the US States - No Outlines Minefield
3
Find the 'City' Movie
4
5x2 Blitz: Bands
5
The Countries of the World
6
Find the US States
7
Find the Countries of Europe - No Outlines Minefield
8
US States
More Music Quizzes
2020 Kpop songs (Updated)
Quiz Lab
Trending Quizzes
Colored Red Europe Blitz I
Colored Red Europe Blitz II
Colored Red Africa Blitz II
Colored Red Europe Blitz III
Colored Red Africa Blitz III
Recently Updated
How Do You Spell That?
pecheneg
Godzilla Movies
pecheneg
Grab Bag: 4-10 Letters
pecheneg
2024 March Madness Bracket
pecheneg
Famous TV Couples
Peacemaker
Champions League XIs: Real Madrid
pecheneg
Largest US Cities 1790-2010
pecheneg
Rides in Walt Disney World
pecheneg
Most Oscar Losses (Acting)
pecheneg
Beyoncé Albums
pecheneg
Trending Topics
Harry Potter
Kpop
Anime
Crossword
NBA
Marvel
Disney
WWE
Pokémon
Puzzle
NFL
Country
Song
Soccer
The Office
Your Account Isn't Verified!
In order to create a playlist on Sporcle, you need to verify the email address you used during registration. Go to your
Sporcle Settings
to finish the process.
Report this User
Report this user for behavior that violates our
Community Guidelines
.
Details:
Send Report
Go to the Sporcle.com Mobile Site →
Comments